Los árboles fuera del bosque : (Registro nro. 4922)

Detalles MARC
000 -CABECERA
Campo de control 01196cam a2200301 a 4500
005 - FECHA Y HORA DE LA ULTIMA TRANSACCION
Campo de control 20191224041751.0
008 - ELEMENTOS DE LONGITUD FIJA—INFORMACION GENERAL
Campo de control 030719s2002 it a r 00010 spa d
020 ## - ISBN
ISBN 9253046562
040 ## - FUENTE DE CATALOGACIÓN
Agencia catalogadora original la
Agencia transcriptora la
Agencia Modificadora CO-BoIAVH
041 0# - IDIOMA
Código de idioma para texto/pista de sonido o título separado Español
044 ## - PAÍS DE PUBLICACIÓN
País de publicación Italia
082 04 - NUMERO DE CLASIFICACION DECIMAL DEWEY
Número de clasificación 634.9
Número del ítem A66f
245 04 - MENCION DE TITULO
Título Los árboles fuera del bosque :
Parte restante del título hacia una mejor consideración /
Mención de responsabilidad Ronald Bellefontaine [y otros 4].
260 ## - PUBLICACION, DISTRIBUCION, ETC. (PIE DE IMPRENTA)
Lugar de publicación, distribución, etc. Roma, Italia :
Nombre del editor, distribuidor, etc. Organización de las Naciones Unidas para la Agricultura y la Alimentación : Centro de Cooperación Internacional en Investigación Agrícola para el Desarrollo,
Fecha de publicación, distribución, etc. 2002.
300 ## - DESCRIPCION FISICA
Extensión 220 páginas :
Otros detalles físicos ilustraciones ;
Dimensiones 32 x 21 cm.
490 0# - MENCION DE SERIE
Mención de serie Guía FAO conservación ;
Designación numérica/secuencial del volumen 35
500 ## - NOTA GENERAL
Nota general Glosario : páginas 217-220.
504 ## - NOTA DE BIBLIOGRAFIA, ETC.
Nota de bibliografía Incluye referencias bibliográficas.
650 26 - ASIENTO SECUNDARIO DE MATERIA - TERMINO TEMATICO
Término temático o nombre geográfico como elemento de entrada Árboles
9 (RLIN) 73600
650 26 - ASIENTO SECUNDARIO DE MATERIA - TERMINO TEMATICO
Término temático o nombre geográfico como elemento de entrada Arboles frutales
9 (RLIN) 4754
650 26 - ASIENTO SECUNDARIO DE MATERIA - TERMINO TEMATICO
Término temático o nombre geográfico como elemento de entrada Plantas leñosas ornamentales
9 (RLIN) 73602
700 1# - ASIENTO SECUNDARIO - NOMBRE PERSONAL
Nombre personal Bellefontaine, Ronald
Término de relación autor
9 (RLIN) 22377
700 1# - ASIENTO SECUNDARIO - NOMBRE PERSONAL
Nombre personal Petit, Sandrine
Término de relación autor
9 (RLIN) 22378
700 1# - ASIENTO SECUNDARIO - NOMBRE PERSONAL
Nombre personal Pain Orcet, Michelle
Término de relación autor
9 (RLIN) 22379
700 1# - ASIENTO SECUNDARIO - NOMBRE PERSONAL
Nombre personal Deleporte, Philippe
Término de relación autor
9 (RLIN) 22380
700 1# - ASIENTO SECUNDARIO - NOMBRE PERSONAL
Nombre personal Bertault, Jen Guy
Término de relación autor
9 (RLIN) 22381
942 ## - ELEMENTOS ADICIONALES (KOHA)
Sistema de clasificación Dewey Decimal Classification
Tipo de ítem Artículo
Existencias
Withdrawn status Lost status Sistema de Clasificación Damaged status No para préstamo Colección Inventariado Ubicación Permanente Ubicación actual Fecha de adquisición Fuente de Valor Valor Total Checkouts Número topográfico Inventario / Código de Barras Date last seen Ejemplar Price effective from Forma de adquisición Tipo de material
    Dewey Decimal Classification     General Inventariado 2017 Bogotá Bogotá 02/12/2005 Instituto 15000.00   LB-634.9 A66f 022503 04/12/2012 Ej. 1 04/12/2012 Compra Libro